00238nam a2200109Ia 4500008004100000041001200041082001100053100001300064245003900077260000600116650000600122221030s9999 xx 000 0 und d aEnglish a105.23 aP. Diwan 0aSoftware Engineeriingcby P. Diwan c0 aB